[Event "World Chess Challenge"]
[Site "Sofia"]
[Date "2009.02.21"]
[Round "4"]
[White "Kamsky, Gata"]
[Black "Topalov, Veselin"]
[Result "1-0"]
[WhiteElo "2725"]
[BlackElo "2796"]
[Annotator "Marin,M"]
[PlyCount "145"]
[EventDate "2009.02.17"]
[EventType "match"]
[EventRounds "7"]
[EventCountry "BUL"]
[SourceTitle "CBM 129"]
[Source "ChessBase"]
[SourceDate "2009.03.25"]
[SourceVersion "1"]
[SourceVersionDate "2009.03.25"]
[SourceQuality "1"]

1. e4 e5 2. Nf3 Nc6 3. Bb5 a6 4. Ba4 Nf6 5. O-O Be7 6. Re1 b5 7. Bb3 d6 8. c3
O-O {Topalov chooses a positional variation of the Ruy Lopez, which has not
been part of his main repertoire with Black so far. Despite the favourable
result of the previous games, in which dynamic openings have been played, he
may have felt that the Kamsky had won the theoretical dispute, which is a
possible explanation for this change of scenario.} 9. h3 Bb7 ({The so-called
Zaitsev variation was aimed at being an improved version of the Smyslov system
which is characterized by the move order} 9... h6 10. d4 Re8 11. Nbd2 Bf8 {
. The attack against the f7-square is not dangerous for Black, as practice has
proved, which allows Black spare the move h7-h6. On the other hand, defining
the light-squared bishop's intentions so soon adds force to White's plan of
blocking the centre with d4-d5.}) 10. d4 Re8 11. Nbd2 Bf8 12. Ng5 $5 ({Over
the past years,} 12. d5 {has become increasingly popular. The variation played
by Kamsky is less common.}) 12... Re7 13. d5 {This has never been fashionable,
but has occasionally been employed by strong players, probably as a surprise
weapon.} Nb8 {After this time-consuming retreat, White will manage to
establish strong pressure over the black position.} ({The more active} 13...
Na5 {bears the seal of a then reigning World Champion.} 14. Bc2 c6 15. b4 ({
The only possible improvement over this game I can figure out is} 15. dxc6 Bxc6
16. Nf1 {, but objectively Black should be OK.}) 15... Nc4 16. Nxc4 bxc4 17.
dxc6 Bxc6 18. a4 Bb7 19. Nf3 h6 20. Qe2 Qc7 21. Nd2 Rc8 22. Ba3 d5 $15 {
Timman,J (2600)-Karpov,A (2725)/Bugojno 1980/MCD (0-1, 67)}) 14. Nf1 Nbd7 15.
Ng3 g6 16. Bc2 $146 {[%cal Gb2b3,Gc3c4,Ga2a4] An interesting novelty. White
retreats with his bishop to a seemingly more passive square, in order to clear
the path for the b-pawn. The main threat is b2-b3 followed by c3-c4,
consolidating White's advantage of space in the centre.} ({There seems to be
nothing wrong with the previously played} 16. Be3 {, though.} Qc8 (16... h6 17.
Nf3 Nc5 18. Bc2 c6 19. b4 Na4 20. Bxa4 bxa4 21. c4 $14 {[%csl Ga4,Gb7]}) 17.
Rc1 Nc5 18. Bc2 c6 19. b4 Ncd7 20. Bb3 h6 (20... cxd5 {has been recommended,
but does not seem to equalise.} 21. exd5 $14 {[%cal Gc3c4]}) 21. Ne6 $1 cxd5 (
21... fxe6 22. dxe6 Nb8 {Sadly, the only available square.} 23. Qxd6 $16) 22.
Nxf8 Qxf8 23. exd5 $14 {Romanishin,O (2560)-Beliavsky,A (2595)/Minsk 1979/
URS-ch (1-0, 36)}) 16... h6 17. Nf3 Nb6 {The knight incursion to g5 has
finally provoked the weakening of the black kingside with h7-h6, while the
usefulness of the rook on e7 remains questionable. The strategic key to the
evaluation of this position consists of the consequences of the pawn break
c7-c6. This move would revive the b7-bishop but, weaken the d5-square and
Black will obtain adequate play only if he manages to play d6-d5 under
favourable consequences.} 18. h4 $1 {This is a typical attacking move against
the g6- and h6-pawns, but in this case it has a deeper strategic meaning.
After the inevitable c7-c6, the pressure against the g6-pawn will make the
further d6-d5 more difficult to carry out.} Qd7 $1 ({The kingside structure
seems to require the move} 18... h5 {, but this would allow White to complete
his development with gain of time.} 19. Bg5 Bg7 {Apparently, Black is doing
absolutely fine, but White has a strong plan at his disposal.} 20. Nd2 $1 c6
21. Qf3 {White will continue with dxc6, Nf1-e3, Rad1 and Bb3, which would put
strong pressure over the d5-square. At the right moment, a sacrificial attack
based on Nf5 could cause Black certain trouble. It may seem that Topalov's
move is first of all aimed to meet h4-h5 with Qg4, safely defending the
kingside. Actually, there is a lot more to say about this move. Black simply
keeps developing and clears the eighth rank for the a8-rook. Later, the queen
will be able to re-capture on c6 (after c7-c6, dxc6).}) 19. Nh2 Bg7 20. h5 Rf8
$1 {A strong prophylactic move, anticipating White's latent positional threat,
hxg6. With a rook on f8, this exchange would just open the f-file for Black's
counterplay.} 21. Nhf1 $6 ({This move constitutes part of White's general plan,
but he should also think about completing his developing. Kamsky may have
thought that this aspect is less relevant, since the position is almost
blocked. Given the excelent mobilisation of Black's forces, this static way of
thinking is a bit dangerous. A natural reaction to the rook's departure from
a8 would be} 21. a4 {, threatening to open the a-file or drive the b6-knight
away from the control of the d5-square. The main drawback of this move is that
it gives away the pair of bishops after} Nxa4 22. Bxa4 bxa4 23. Rxa4 {,
allowing Black obtain strong counterplay with} c6 24. c4 Nxh5 25. Nxh5 gxh5 26.
Ra3 f5 {when the rook's placement on f8 would be fully justified.}) ({White
could have countered Black's main plan with} 21. Qf3 {(Threatening Bxh6)} Kh7
22. b3 c6 23. Be3 $1 {and Black has to release some of the pressure against
the d5-square.} Qc7 (23... c5 24. b4 $16) (23... Nc8 24. Rad1 $14) 24. Ng4 Nxg4
25. Qxg4 $14 {With the g6-square vulnerable, cxd5 is not a real threat, which
leaves White in control.}) 21... c6 22. dxc6 Qxc6 $5 {It seems more natural to
capture with the bishop, but this move puts some indirect pressure against the
white kingside and allows Black to overprotect the g6-square in the event of a
future d6-d5.} (22... Bxc6 23. Ne3 Kh7 24. b3 $1 $14 {[%cal Gc1a3]} (24. Qf3 d5
$1 $11)) 23. Ne3 {White has completed the first part of his regrouping, but
this has cost him valuable time. Surprisingly, he is three whole tempi behind
in development.} Kh7 ({Topalov's approach in this stage of the game is too
static. By slowly improving the placement of his pieces, he will allow Kamsky
catch up with the development. It looks more logical to open the position at
once with} 23... d5 $11 {.} 24. hxg6 {The move order is quite important.} (24.
exd5 $6 Nfxd5 25. Nxd5 Nxd5 {f5} 26. hxg6 $2 Ne3 $1 27. Be4 Qxe4 28. Nxe4 Nxd1
$17) 24... fxg6 25. exd5 Nfxd5 26. Nxd5 Nxd5 27. Be4 Ref7 28. Be3 h5 $132) 24.
Qf3 Bc8 25. Rd1 Be6 26. b3 $1 {This move marks a radical change of the general
course of the game. At the cost of a pawn, Kamsky restricts two of the pieces
in which Black has invested most time, the e6-bishop and the b6-knight.
Besides, the capture of the pawn will cost Black a few additional tempi.} Qxc3
27. Bd2 Qc7 28. Ba5 Qb8 29. Rd2 Nc8 {This looks too passive.} (29... Rc8 30.
Rad1 Rc6 $13) 30. Rad1 {The situation has changed dramatically over the last
moves. White has achieved a very harmonious development, while Black's
coordination has deteriorated dramatically.} b4 $2 {This move weakens the
b-pawn and the f1-a6 diagonal at the same time. White's task to prove a
concrete attacking plan would have been more difficult if Black had just
played a waiting .move} (30... Rd7 {leaves the e6-bishop trapped, exposing
Black to the permanent dangero f a knight move to f5.}) 31. Qe2 Kh8 32. Bd3 Na7
33. Rc1 Nb5 34. Bxb5 axb5 35. Bxb4 $16 {The material equality has been
restablished and Black's position is in ruins.} Rd7 36. Rc6 Rfd8 37. Qd1 Bf8
38. Qc2 Kh7 39. Ba5 Re8 40. hxg6+ fxg6 41. Bc7 Qb7 42. Bxd6 Bf7 43. Bb4 Bxb4
44. Rxd7 Qxd7 45. Rxf6 Re6 46. Nd5 Bf8 47. Rf3 Kg7 48. Rc3 Ra6 49. Rc7 Qd6 {
White's position is almost perfect, with just one exception: his g3-knight is
passive. There are two possible solutions to this problem. First of all, he
could play Nf1-h2-g4, aiming to provoke h6-h5, in order to retreat to h2-f3.
Kamsky chose a second way, deciding that the knight is useful on g3, by
helping the queen to create threats against the enemy king.} 50. Qe2 {
Threatening Qg4 followed by Nf5 and attacking the b5-pawn at the same time.}
Kg8 51. Qxb5 Rxa2 52. Qb7 Ra1+ 53. Kh2 Bxd5 54. exd5 ({Since he will allow the
exchange of queens anyway,} 54. Qxd5+ {would have been more straightforward.})
54... Qf6 55. Qc8 ({The move suggested by computers,} 55. Kh3 {is not easy to
make in a practical game, with just 8 minutes left on the clock to reach the
60th move control.}) 55... Qh4+ 56. Qh3 Qxh3+ 57. Kxh3 Rd1 58. Ne4 $1 {Black's
position is hopeless. White has two strong passed pawns and a dominating
knight.} Ba3 59. Ra7 Bb4 60. Rb7 Ba3 61. f3 Kf8 62. Rb5 h5 63. Kg3 Rc1 64. Rb8+
Kf7 65. Rb7+ Kf8 66. Kf2 Rc2+ 67. Kf1 Rc1+ 68. Ke2 Rc2+ 69. Kd3 Rxg2 70. Ra7
Be7 71. d6 Bd8 72. Nc5 Ke8 $2 ({The final mistake.} 72... Rg1 {, threatening
Rd1+, would have been more stubborn. White would probably have played} 73. Ke4
Rd1 74. Kxe5 {when Black's position would not have resisted for too long.}) 73.
Rh7 $1 {White threatens to win the bishop with Rh8+ or create a mating net
with Ne6 and d7.} 1-0

[Event "World Chess Challenge"]
[Site "Sofia"]
[Date "2009.02.24"]
[Round "6"]
[White "Kamsky, Gata"]
[Black "Topalov, Veselin"]
[Result "1/2-1/2"]
[WhiteElo "2725"]
[BlackElo "2796"]
[Annotator "Kritz,L"]
[PlyCount "86"]
[EventDate "2009.02.17"]
[EventType "match"]
[EventRounds "7"]
[EventCountry "BUL"]
[SourceTitle "CBM 129"]
[Source "ChessBase"]
[SourceDate "2009.03.25"]
[SourceVersion "1"]
[SourceVersionDate "2009.03.25"]
[SourceQuality "1"]

1. e4 c6 2. d4 d5 3. e5 {Heutzutage ist der Vorstoß 3.e5 auf hohem Niveau
öfters anzutreffen als die alte Hauptvariante 3.Nc3. Das Problem nach 3.Nc3
liegt in der Stellung, die nach den folgenden Zügen aufs Brett kommt:} (3. Nc3
dxe4 4. Nxe4 Bf5 5. Ng3 Bg6 6. h4 h6 7. Nf3 Nd7 8. h5 Bh7 9. Bd3 Bxd3 10. Qxd3
e6 11. Bf4 Qa5+ 12. Bd2 Bb4 13. c3 Be7 14. c4 Qc7 15. O-O-O Ngf6 $11 {Früher
spielte man diese Stellung mit dem Bauer auf c2 (ohne Bb4-Be7). Der
Unterschied ist, dass Schwarz sehr gutes Gegenspiel mittels b5 bekommt.
Deswegen greift Weiß öfters zu 3.e5.}) 3... Bf5 4. Nf3 {Im Angesicht der
letzten Ereignisse kann ich diesen Zug nicht mehr als Haupvariante bezeichnen.
Noch vor 6 Monaten galten die entstehenden Abspiele als besser für Weiß, doch
seit Schwarz wieder zu 5...c5 greift, hat sich der weiße Vorteil in Luft
aufgelöst.} (4. Nd2 $5 {scheint mir genauer, wobei hier andere Probleme zu
überwinden sind.} e6 5. Nb3 c5 $1 {Der direkteste und stärkste Versuch!} ({Nach
} 5... Nd7 6. Nf3 Ne7 (6... c5 $2 7. dxc5 Nxc5 (7... a6 8. Nbd4 Bg6 9. b4 $16)
8. Nxc5 Bxc5 9. Bb5+ $16) 7. Be2 $14 {hat Weiß sein erstes Ziel erreicht -
Schwarz kann kein c5 spielen, und damit ist dem Weißen ein kleiner Vorteil
sicher.}) 6. dxc5 Bxc5 $1 7. Nxc5 Qa5+ 8. c3 Qxc5 9. Nf3 Ne7 10. Qa4+ Nbc6 11.
Be3 Qa5 12. Qxa5 Nxa5 13. Nd4 a6 14. Nxf5 Nxf5 15. Bf4 Rc8 16. O-O-O Ne7 17. h3
Ng6 18. Bh2 Nc4 19. Re1 O-O $11 {Kosintseva N. - Chiburdanidze (Krasnoturyinsk,
2006). Zwar hat Weiß den Vorteil des Läuferpaares, doch die Stellung ist
ziemlich geschlossen und Schwarz kann sie wohl halten.}) (4. Nc3 $5 {Das ist
eine andere Geschichte im Caro-Kann. Die entstehenden Stellungen sind sehr
scharf und unklar.} e6 5. g4 Bg6 6. Nge2 c5 7. h4 h5 8. Nf4 Bh7 9. Nxh5 cxd4
10. Nb5 Nc6 $132) 4... e6 5. Be2 c5 $1 {Nur so! Alles anderes bringt Schwarz
in Nachteil.} (5... Nd7 6. O-O Ne7 (6... c5 7. c4 Ne7 8. Nc3 $14) 7. Nh4 Bg6 8.
Nd2 c5 9. c3 Nc6 10. Nxg6 hxg6 11. Nf3 $14) (5... h6 6. O-O Ne7 7. Nbd2 Nd7 8.
Nb3 Bh7 9. Bd2 $14 {In allen Varianten, in denen Schwarz es nicht schafft, den
Vorstoß ...c5 durchzuführen, steht Weiß besser.}) 6. Be3 cxd4 7. Nxd4 Ne7 8.
Nd2 $6 {Diese Nebenvariante wurde von Kamsky sehr wahrscheinlich gewählt, weil
er geglaubt hat, dass in den Hauptvarianten Topalov alles ausanalysiert hat.
Es scheint jedoch, dass auch 8.Nd2 von der schwarzen Seite gut vorbereitet war.
} (8. Bg5 Qd7 $1 9. Bxe7 (9. Nc3 Bg6 10. h4 h6 11. Bf4 Nec6 12. Nb3 Qd8 13. h5
Bh7 14. Bd3 Bxd3 15. Qxd3 Nd7 16. Qg3 a6 $132 {Charbonneau - Erenburg 
(Baltimore, 2008)}) (9. c4 Nbc6 10. Bxe7 Bxe7 11. Nxf5 exf5 12. cxd5 Nxe5 13.
O-O O-O 14. Nc3 a6 15. Qd4 Bd6 16. a4 Qe7 17. Rad1 Rad8 18. Rfe1 Rfe8 19. Bf1
Qg5 $36 {Shabalov - Kacheishvili (Philadelphia, 2008). Schwarz kann eigentlich
nur besser stehen.}) 9... Bxe7 10. Nxf5 exf5 11. Bf3 (11. Nd2 Nc6 12. Nf3 O-O
13. O-O Rad8 14. Re1 Rfe8 15. Qd2 Bc5 $132 {Nijboer - Erenburg (Dieren, 2006)})
11... Qb5 12. Qxd5 Qxb2 13. O-O Nc6 14. Nd2 Rd8 15. Qb3 Qxb3 16. Nxb3 Kd7 17.
Rfd1+ Kc7 $11 {Mamedov - Rodshtein (Plovdiv, 2008)}) 8... Nbc6 9. N2f3 Bg4 10.
O-O Bxf3 (10... Nxd4 $2 11. Nxd4 Bxe2 12. Qxe2 {Der Abtausch bring Schwarz
keine Erleichterung, im Gegenteil, er gerät in einen Entwicklungsnachteil, der
entscheidend ist.} Nc6 13. c4 $1 Be7 (13... Nxe5 14. cxd5 Qxd5 15. Rac1 Be7 16.
Rfd1 $16 {/\Nc6/Nb5}) 14. Rfd1 O-O 15. cxd5 exd5 16. Nf5 $16 {Bologan - Bakker
(Gibraltar, 2006)}) 11. Nxf3 g6 $1 $146 {Starke Neuerung! Weiß muss aufpassen,
dass er keine Schwierigkeiten mit dem Bauern e5 bekommt.} (11... Nf5 12. Bf4
Be7 13. Bd3 Nh4 14. Nxh4 Bxh4 15. Qg4 g6 {Kritz - Miton (Lubbock, 2008)} 16.
Rad1 $1 h5 (16... O-O 17. c4 $14) 17. Qe2 Bg5 18. Bxg5 Qxg5 19. f4 Qe7 20. c4
$14) 12. c4 $5 {Einerseits ist es die prinzipielle Fortsetzung. Auf der
anderen Seite, es ist vielleicht zu direkt. Weiß hätte in einer so wichtigen
Partie besser die langsamere Strategie wählen sollen:} (12. Bf4 Bg7 13. Re1 O-O
(13... h6 14. h4 (14. Bd3 $6 g5 15. Bg3 Nf5 $1 16. Bxf5 exf5 17. h4 O-O $15 {
Der weiße Läufer wird demnächst aus dem Spiel ausgeschlossen und Schwarz kommt
in Vorteil.}) 14... Nf5 15. g3 $14) 14. Qd2 $14 {Zwar hat Weiß keinen großen
Vorteil, aber eine langfristige Initiative. Wichtig ist vor allem, dass
Schwarz seinerseits nicht viel machen kann, weil f6 zur Spielöffnung führen
würde, die natürlich den weißen Läufern Freiheiten gibt.}) 12... Bg7 13. cxd5
$6 {Schwarz hat von nun an keine Probleme. Es wäre ein Versuch wert, gleich
mit 13.Bc5 fortzufahren.} (13. Bc5 $5 {Ich kann nicht sehen, wie Schwarz hier
genau ausgleichen kann.} O-O ({Ausgesprochen schlecht ist} 13... Nxe5 14. Nxe5
Bxe5 15. cxd5 exd5 (15... Nxd5 $4 16. Bb5+ $18) (15... Qxd5 16. Bb5+ Kf8 17.
Qxd5 exd5 18. Rfe1 Bf6 19. Rad1 $44) 16. Bb5+ Kf8 17. Re1 Bxh2+ $1 18. Kf1 $3 (
18. Kxh2 Qc7+ 19. Kg1 Qxc5 20. Qe2 Qd6 $1 $17 {xe5} (20... Nc6 21. Bxc6 bxc6
22. Qe5 Kg8 23. Qf6 $16)) 18... Bd6 19. Bd4 Rg8 20. Qd2 g5 21. Bd3 $44 {
Weiß bekommt genau was er haben will.}) 14. cxd5 exd5 (14... Qxd5 15. Qxd5 exd5
16. Bb5 Rfe8 17. Rfe1 $14) 15. Qb3 Re8 (15... Rb8 16. Bd6 $16) (15... Nxe5 16.
Nxe5 Bxe5 17. Qxb7 Bd6 18. Bxa7 Qa5 19. Qb6 $1 Bxh2+ 20. Kxh2 Qxa7 21. Qxa7
Rxa7 22. a4 $14) 16. Rad1 Nxe5 17. Nxe5 Bxe5 18. Bb5 Nc6 19. Rxd5 $14) 13...
Nxd5 14. Bc5 Bf8 $1 {In diesen Moment kann man schon sagen, dass die Partie
aus weißer Sicht gelaufen ist. Er muss einen der Läufer tauschen, der schwarze
König evakuiert sich am Königsflügel, der Bauer e5 bleibt schwach, der
Springer d5 dagegen superstark.} 15. Qc1 (15. Bxf8 Kxf8 16. Bb5 Rc8 17. Rc1 Qb6
18. Bxc6 Rxc6 19. Rxc6 Qxc6 20. Qd2 Kg7 $11) (15. Rc1 Bxc5 16. Rxc5 O-O 17. Qd2
Kg7 18. Rfc1 Rc8 $11) 15... Rc8 (15... Bxc5 {würde wohl auch ausgleichen, aber
der Partiezug ist genauer - Schwarz erzwingt das Nehmen auf f8 und bringt
gleichzeitig seinen Turm ins Spiel.} 16. Qxc5 Qe7 17. Rfc1 Rc8 (17... Qxc5 18.
Rxc5 Kd7 19. Bb5 Rhc8 20. Ng5 Ke7 21. Rac1 $14) 18. Bb5 a6 $11) 16. Bxf8 Nd4 $1
(16... Kxf8 $2 17. Qh6+ Kg8 18. Bc4 Nb6 19. Bb5 $14) 17. Qd1 Nxe2+ 18. Qxe2
Kxf8 $11 {Weiß muss nun eher aufpassen, dass er nicht in ein schlechtes
Endspiel kommt. Die Schwäche des Punktes f6 ist nicht bemerkbar, weil der
Springer von d5 das Feld verteidigt.} 19. Rac1 Kg7 20. h4 (20. Rxc8 Qxc8 21.
Nd4 Qc5 22. Rd1 Rd8 $11) 20... Qb6 21. g3 (21. h5 Nf4 22. h6+ $2 Kxh6 23. Qd2
g5 24. g3 Rhd8 $19) 21... h6 {Jetzt hat Schwarz immer g5 als Antwort auf h5.} (
21... h5 $6 {ist zwar nicht besonders schlecht, aber schwächt immerhin das
Feld g5.}) 22. a3 $1 {Weiß muss vorsichtig spielen.} (22. Rc2 Nb4 23. Rxc8 Rxc8
24. a3 Nc2 $1 $15 {xb2}) 22... Rc5 23. Rc2 Rhc8 24. Rfc1 {Ein Gesamttausch hat
sich angedeutet.} a5 25. Qd2 Rxc2 26. Rxc2 Rc5 27. Qc1 Rxc2 28. Qxc2 Ne7 29.
Qc3 Nc6 {Der Angriff des Bauern e5 hat auch einen klaren Nachteil - das Feld
f6 wurde außer Kontrolle gelassen. Die Stellung hält sich im absoluten
Gleichgewicht, weder Schwarz, noch Weiß kann einen Vorteil erzielen.} 30. b3
Qd8 31. a4 Qd1+ 32. Kg2 Qe2 33. Qe3 Qd1 (33... Qxe3 34. fxe3 $11 {Der weiße
Doppelbauer spielt keine große Rolle. Eher, um den König schneller ins Zentrum
zu bringen, wird Schwarz ihn mittels f6 abtauschen.}) 34. Nd2 Nb4 35. Nc4 Nc2
36. Qd2 Qb1 37. Qf4 Ne1+ 38. Kh2 Qxb3 39. Qf6+ Kg8 {Weiß ist zur
Zugwiederholung gezwungen.} 40. Qd8+ (40. Nd6 Qf3 41. Kh3 (41. Qxf3 Nxf3+ 42.
Kg2 Nxe5 43. Nxb7 Nc6 $19) 41... Qxf6 42. exf6 Nd3 43. Nxb7 Nxf2+ 44. Kg2 Nd3
45. Nxa5 Nc5 $19) 40... Kh7 41. Qf6 Kg8 42. Qd8+ Kh7 43. Qf6 Kg8 1/2-1/2